[Event "Barber/Rockefeller Qualifier"]
[Site "Chess.com"]
[Date "2020.04.11"]
[Round "?"]
[White "Gardner, Zachary"]
[Black "Johar, Nitya"]
[Result "0-1"]
[WhiteElo "1000"]
[BlackElo "888"]
[PlyCount "28"]
[EventDate "2020.??.??"]

1. e4 e6 2. Nf3 d5 3. exd5 exd5 4. Nc3 Nf6 5. h3 Nc6 6. g4 d4 7. Na4 Bd6 8. g5
Nd5 9. c4 Nb6 10. c5 Bxc5 11. Nxc5 f6 12. gxf6 Qxf6 13. Bb5 Qf5 14. Qc2 Qxc2
0-1

[Event "Barber/Rockefeller Qualifier"]
[Site "Chess.com"]
[Date "2020.04.11"]
[Round "?"]
[White "Chung, Ryan"]
[Black "Gardner, Zachary"]
[Result "0-1"]
[WhiteElo "400"]
[BlackElo "1000"]
[PlyCount "86"]
[EventDate "2020.??.??"]

1. e4 Nc6 2. Nf3 Nf6 3. Bc4 Nxe4 4. Qe2 Nd6 5. Ng5 f6 6. Nf7 Nxf7 7. Bxf7+ Kxf7
8. Nc3 a6 9. d3 b5 10. a3 a5 11. Qf3 b4 12. axb4 axb4 13. Rxa8 bxc3 14. bxc3
Ne5 15. Qd5+ e6 16. Qe4 d5 17. Qe2 Qd7 18. Bf4 Bb7 19. Ra7 Bc5 20. Rxb7 Qc6 21.
Rb1 Ng6 22. Bg3 e5 23. O-O e4 24. dxe4 dxe4 25. Rfe1 Re8 26. Qc4+ Kf8 27. Qd3
exd3 28. cxd3 Rxe1+ 29. Rxe1 f5 30. d4 f4 31. dxc5 fxg3 32. hxg3 Qxc5 33. Rc1
Ne5 34. Kh2 Nd3 35. Rc2 Nb4 36. Rc1 Na2 37. Rc2 Nxc3 38. f3 Qa3 39. Kh3 Qb3 40.
Rc1 Ne2 41. Rxc7 Qd1 42. Rc8+ Kf7 43. g4 Qh1# 0-1

[Event "Barber/Rockefeller Qualifier"]
[Site "Chess.com"]
[Date "2020.04.11"]
[Round "?"]
[White "Olson, Benjamin"]
[Black "Harding, Max"]
[Result "0-1"]
[WhiteElo "822"]
[BlackElo "693"]
[PlyCount "20"]
[EventDate "2020.??.??"]

1. e4 e5 2. Nf3 Nc6 3. Nc3 Nf6 4. Bc4 d6 5. d3 Bg4 6. h3 g5 7. hxg4 Nxg4 8.
Nxg5 Bh6 9. Nxf7 Qf6 10. Nxh8 Qxf2# 0-1

[Event "Barber/Rockefeller Qualifier"]
[Site "Chess.com"]
[Date "2020.04.11"]
[Round "?"]
[White "Harding, Max"]
[Black "Chapman, Harrison"]
[Result "1-0"]
[WhiteElo "693"]
[BlackElo "793"]
[PlyCount "43"]
[EventDate "2020.??.??"]

1. e4 e5 2. Nf3 Nc6 3. Bb5 Nf6 4. Bxc6 dxc6 5. Nxe5 Qd6 6. f4 Qd4 7. d3 Qb4+ 8.
Bd2 Qxb2 9. Bc3 Bb4 10. Bxb4 Qxa1 11. O-O Qb2 12. Bc3 Qxa2 13. Qc1 Ng4 14. f5
Nxe5 15. Bxe5 Qa5 16. Qf4 Qc5+ 17. Rf2 Qb6 18. Bxc7 Qxb1+ 19. Rf1 Qxc2 20. Qe5+
Kd7 21. Qd6+ Ke8 22. Qd8# 1-0

[Event "Barber/Rockefeller Qualifier"]
[Site "Chess.com"]
[Date "2020.04.11"]
[Round "?"]
[White "Harding, Max"]
[Black "Chung, Ryan"]
[Result "0-1"]
[WhiteElo "693"]
[BlackElo "400"]
[PlyCount "66"]
[EventDate "2020.??.??"]

1. e4 e5 2. Nf3 Nc6 3. Bb5 d6 4. Bxc6+ bxc6 5. d4 Nf6 6. dxe5 dxe5 7. Nxe5
Qxd1+ 8. Kxd1 Bb7 9. Bg5 Be7 10. Bxf6 Bxf6 11. Ng4 Bxb2 12. c3 Bxa1 13. Na3
O-O-O+ 14. Kc2 Rhe8 15. Rxa1 Rxe4 16. f3 Re2+ 17. Kb3 Rxg2 18. c4 Rd3+ 19. Kb4
c5+ 20. Kxc5 Rxa3 21. Kb4 Rxf3 22. Ne5 Rf5 23. Re1 f6 24. Nf7 Rb2+ 25. Ka3 Rxh2
26. Re8+ Kd7 27. Rd8+ Ke7 28. Rb8 Kxf7 29. Rxb7 Rf3+ 30. Kb4 Rb2+ 31. Ka5 Rxb7
32. Ka6 Rb2 33. c5 Ra3# 0-1

[Event "Barber/Rockefeller Qualifier"]
[Site "Chess.com"]
[Date "2020.04.11"]
[Round "?"]
[White "Johar, Nitya"]
[Black "Harding, Max"]
[Result "1-0"]
[WhiteElo "888"]
[BlackElo "693"]
[PlyCount "47"]
[EventDate "2020.??.??"]

1. d4 d5 2. c4 dxc4 3. e3 h5 4. Bxc4 Bg4 5. Nf3 Bxf3 6. Qxf3 e6 7. Nc3 Bb4 8.
Bd2 Bxc3 9. Bxc3 Nf6 10. Qxb7 Nbd7 11. Bb5 Rb8 12. Qc6 Ng4 13. f3 Qh4+ 14. g3
Qh3 15. O-O-O Nf2 16. Qxc7 Rd8 17. e4 Nxh1 18. Bf1 Qxh2 19. Ba5 Ke7 20. Bb4+
Ke8 21. d5 exd5 22. exd5 h4 23. Re1+ Ne5 24. Rxe5# 1-0

[Event "Barber/Rockefeller Qualifier"]
[Site "Chess.com"]
[Date "2020.04.11"]
[Round "?"]
[White "Stein, Samuel"]
[Black "Shih, Bei"]
[Result "1/2-1/2"]
[WhiteElo "968"]
[BlackElo "1247"]
[PlyCount "57"]
[EventDate "2020.??.??"]

1. e4 c5 2. Nf3 Nc6 3. d4 cxd4 4. Nxd4 g6 5. Nc3 Bg7 6. Nxc6 bxc6 7. Bd2 d6 8.
Bc4 Nf6 9. O-O O-O 10. Re1 Bb7 11. Bf4 d5 12. exd5 cxd5 13. Bd3 d4 14. Ne4 Qd5
15. Nxf6+ Bxf6 16. Be4 Qb5 17. a4 Qb4 18. Bd2 Qb6 19. a5 Qb5 20. Bd3 Qc6 21.
Be4 Qa6 22. Bd3 Qd6 23. Be4 Bxe4 24. Rxe4 d3 25. Re3 dxc2 26. Qxc2 Rac8 27. Bc3
Bd4 28. Rd3 Qf4 29. Rad1 1/2-1/2

[Event "Barber/Rockefeller Qualifier"]
[Site "Chess.com"]
[Date "2020.04.11"]
[Round "?"]
[White "Shih, Bei"]
[Black "Bansal, Aarini"]
[Result "1-0"]
[WhiteElo "1247"]
[BlackElo "1122"]
[PlyCount "119"]
[EventDate "2020.??.??"]

1. c4 e5 2. Nc3 Nf6 3. g3 d5 4. cxd5 Nxd5 5. Bg2 Be6 6. d3 Nc6 7. Nf3 Bc5 8.
O-O O-O 9. Bd2 Qd7 10. Nxd5 Bxd5 11. Bc3 f6 12. Qc2 Be6 13. Rfd1 Bh3 14. Qb3+
Kh8 15. Qxb7 Bf5 16. Qb3 Rab8 17. Qc2 Bh3 18. Qd2 Bxg2 19. Kxg2 Nd4 20. Bxd4
Bxd4 21. Nxd4 exd4 22. Rac1 Qd5+ 23. Kg1 Rbc8 24. a3 Qh5 25. Re1 f5 26. Qf4 c5
27. Qe5 Qh6 28. Rxc5 Rxc5 29. Qxc5 Re8 30. Qxd4 Kg8 31. Qd5+ Kh8 32. Qxf5 g6
33. Qf6+ Kg8 34. Qc6 Rf8 35. Qa6 Qd2 36. Qe6+ Rf7 37. Rb1 Qh6 38. Qc8+ Rf8 39.
Qb7 a5 40. Qd5+ Rf7 41. Qxa5 Rf5 42. Qd8+ Rf8 43. Qd5+ Rf7 44. b4 Qg7 45. b5
Qf6 46. f3 Kg7 47. b6 Qf5 48. Qxf5 gxf5 49. b7 Rxb7 50. Rxb7+ Kg6 51. a4 Kf6
52. a5 Ke6 53. a6 Kd6 54. a7 Kc6 55. a8=Q Kd5 56. Rb6+ Kd4 57. Qa5 Ke3 58. Kf1
f4 59. Ke1 h5 60. Qe5# 1-0

[Event "Barber/Rockefeller Qualifier"]
[Site "Chess.com"]
[Date "2020.04.11"]
[Round "?"]
[White "Zuo, Edward"]
[Black "Shih, Bei"]
[Result "0-1"]
[WhiteElo "1229"]
[BlackElo "1247"]
[PlyCount "52"]
[EventDate "2020.??.??"]

1. e4 c5 2. Nf3 Nc6 3. d4 cxd4 4. Nxd4 g6 5. Nc3 Bg7 6. Be3 Nf6 7. Bc4 d6 8.
Qd2 O-O 9. Bh6 Ne5 10. Bb3 Bd7 11. Bxg7 Kxg7 12. h4 Rc8 13. f4 Nc4 14. Bxc4
Rxc4 15. b3 Rc8 16. Nce2 Nxe4 17. Qe3 Nf6 18. Nc3 Ng4 19. Qf3 Qb6 20. Nde2 Qc5
21. h5 b6 22. h6+ Nxh6 23. Qg3 Nf5 24. Qh3 h5 25. g4 Nd4 26. Qh4 Nf3+ 0-1

[Event "Barber/Rockefeller Qualifier"]
[Site "Chess.com"]
[Date "2020.04.11"]
[Round "?"]
[White "Shih, Bei"]
[Black "Ivanovic, Mina"]
[Result "0-1"]
[WhiteElo "1247"]
[BlackElo "1039"]
[PlyCount "180"]
[EventDate "2020.??.??"]

1. c4 c5 2. Nc3 Nc6 3. Nf3 g6 4. d4 Bg7 5. dxc5 Nf6 6. g3 b6 7. cxb6 axb6 8.
Bg2 Bb7 9. O-O O-O 10. Bf4 d6 11. Nd4 Nxd4 12. Bxb7 Rb8 13. Bg2 Nh5 14. Be3 Ne6
15. Rb1 Nf6 16. Nd5 Nxd5 17. Bxd5 Nc7 18. Bg2 e6 19. Bf4 e5 20. Be3 b5 21. c5
dxc5 22. Bxc5 Re8 23. Bc6 Re6 24. Ba7 Rc8 25. Bb7 Qxd1 26. Rfxd1 Rce8 27. Rd2
R8e7 28. Bc8 Rc6 29. Rbd1 Ne8 30. Bd7 Rc7 31. Bb6 Rb7 32. Bd8 Rexd7 33. Rxd7
Rb8 34. Bc7 Rc8 35. Bd6 Nf6 36. Re7 Rd8 37. Rxe5 Bf8 38. Rxb5 Rxd6 39. Rxd6
Bxd6 40. Rb6 Be5 41. f4 Bd4+ 42. Kf1 Bxb6 43. b4 Nd5 44. a3 Nc3 45. Ke1 Na4 46.
Kd2 Kf8 47. b5 Ke7 48. Kc2 Kd6 49. Kb3 Nc5+ 50. Kb4 Nb7 51. a4 f5 52. Kc4 Na5+
53. Kb4 Nb7 54. Kc4 Bc5 55. Kd3 Bb6 56. e4 Nc5+ 57. Kc4 fxe4 58. Kd4 Ke6 59. a5
Nb3+ 60. Kxe4 Nxa5 61. g4 Nc4 62. f5+ gxf5+ 63. gxf5+ Kf6 64. Kd5 Ne3+ 65. Kc6
Bd4 66. b6 Bxb6 67. Kxb6 Kxf5 68. Kc5 h5 69. Kd4 Nf1 70. Kd3 Nxh2 71. Ke3 h4
72. Kf2 Kg4 73. Kg2 Nf3 74. Kh1 Ne1 75. Kh2 h3 76. Kg1 Kg3 77. Kh1 Nd3 78. Kg1
Nf2 79. Kf1 h2 80. Ke2 h1=Q 81. Ke3 Qe1+ 82. Kd4 Qe4+ 83. Kc5 Nd3+ 84. Kd6 Kf4
85. Kd7 Qg6 86. Kc7 Ke5 87. Kb7 Qd6 88. Ka7 Nc5 89. Ka8 Qa6+ 90. Kb8 Qb7# 0-1

[Event "Barber/Rockefeller Qualifier"]
[Site "Chess.com"]
[Date "2020.04.11"]
[Round "?"]
[White "Alagumalai, Gautham"]
[Black "Shih, Bei"]
[Result "0-1"]
[WhiteElo "1206"]
[BlackElo "1247"]
[PlyCount "104"]
[EventDate "2020.??.??"]

1. e4 c5 2. Nf3 Nc6 3. Nc3 g6 4. Bc4 Bg7 5. d3 d6 6. Ng5 e6 7. Nf3 Nf6 8. O-O
O-O 9. Be3 Bd7 10. Bb5 a6 11. Bxc6 Bxc6 12. e5 Ng4 13. exd6 Qxd6 14. Ne4 Bxe4
15. dxe4 Qc7 16. c3 Bf6 17. Qd2 Bh4 18. Bf4 Qe7 19. Nxh4 Qxh4 20. Bg3 Qh5 21.
f3 Nf6 22. Qf4 Nd7 23. Qh4 Qxh4 24. Bxh4 b5 25. Rfd1 Nb6 26. Be7 Rfc8 27. Rac1
b4 28. cxb4 cxb4 29. Rxc8+ Rxc8 30. Bxb4 Nc4 31. b3 Nb2 32. Rb1 Nd3 33. Bd2 f5
34. exf5 exf5 35. Rd1 Nb2 36. Bc1 Nxd1 37. Be3 Nxe3 38. Kf2 Nd1+ 39. Kg3 Rc2
40. a3 Rc3 41. b4 Rxa3 42. b5 axb5 43. Kf4 b4 44. g4 fxg4 45. fxg4 b3 46. h4 b2
47. h5 gxh5 48. gxh5 b1=Q 49. Kg5 Rf3 50. Kh4 Qe4+ 51. Kg5 Rf5+ 52. Kh6 Qe6#
0-1

[Event "Barber/Rockefeller Qualifier"]
[Site "Chess.com"]
[Date "2020.04.12"]
[Round "?"]
[White "Subramanian, Thrinay"]
[Black "Shih, Bei"]
[Result "1-0"]
[WhiteElo "1283"]
[BlackElo "1247"]
[PlyCount "125"]
[EventDate "2020.??.??"]

1. d4 Nf6 2. c4 g6 3. Nc3 d5 4. e3 Bg7 5. Nf3 Bf5 6. Bd3 Bxd3 7. Qxd3 O-O 8. c5
Nc6 9. a3 b6 10. cxb6 axb6 11. O-O Nb4 12. Qb5 Qd6 13. Bd2 Na6 14. Rac1 c6 15.
Qe2 Rfb8 16. Na2 b5 17. Nb4 Nxb4 18. Bxb4 Qc7 19. Ne5 Rb6 20. Qd2 Ne4 21. Qe1
Rba6 22. Nd3 Nf6 23. Nc5 Ng4 24. g3 Rb6 25. Ba5 Rxa5 26. Qxa5 Kf8 27. a4 b4 28.
Qa8+ Rb8 29. Qxb8+ Qxb8 30. Nd7+ Ke8 31. Nxb8 Kd8 32. Nxc6+ Kd7 33. Nxb4 Nf6
34. a5 Ne8 35. a6 Nc7 36. a7 Na8 37. Nxd5 e6 38. Nb4 Bf8 39. Na6 Bd6 40. e4 f6
41. f4 g5 42. e5 fxe5 43. dxe5 Bc5+ 44. Nxc5+ Kc7 45. Nxe6+ Kb7 46. Nxg5 Kxa7
47. Ra1+ Kb7 48. Rxa8 Kxa8 49. Nxh7 Kb7 50. f5 Kc6 51. f6 Kd5 52. f7 Kxe5 53.
f8=Q Kd4 54. Qe8 Kd3 55. Rd1+ Kc2 56. Qe2+ Kb3 57. Rd4 Ka2 58. Rd3 Kb1 59. Qd1+
Ka2 60. Ra3+ Kxb2 61. Qb3+ Kc1 62. Qc3+ Kb1 63. Ra1# 1-0

[Event "Barber/Rockefeller Qualifier"]
[Site "Chess.com"]
[Date "2020.04.11"]
[Round "?"]
[White "Zuo, Edward"]
[Black "Chaurasia, Vihaan"]
[Result "1-0"]
[WhiteElo "1229"]
[BlackElo "940"]
[PlyCount "35"]
[EventDate "2020.??.??"]

1. e4 e5 2. Nf3 Nc6 3. Bc4 Bc5 4. d3 Nf6 5. Bg5 O-O 6. Nc3 h6 7. Bh4 d6 8. Nd5
Be6 9. Nxf6+ gxf6 10. Bb3 Bxb3 11. axb3 Nd4 12. Nxd4 Bxd4 13. c3 Bc5 14. Qh5
Kh7 15. Qf5+ Kg8 16. Bxf6 Qe8 17. Qg4+ Kh7 18. Qg7# 1-0

[Event "Barber/Rockefeller Qualifier"]
[Site "Chess.com"]
[Date "2020.04.11"]
[Round "?"]
[White "Lin, Michael"]
[Black "Zuo, Edward"]
[Result "0-1"]
[WhiteElo "1047"]
[BlackElo "1229"]
[PlyCount "42"]
[EventDate "2020.??.??"]

1. e4 e5 2. Nf3 Nc6 3. Bc4 Bc5 4. c3 Nf6 5. d4 exd4 6. cxd4 Bb4+ 7. Nc3 Nxe4 8.
O-O Nxc3 9. bxc3 Bxc3 10. Ba3 d6 11. Qd3 Bxa1 12. Re1+ Ne7 13. Ng5 Be6 14. Bxe6
fxe6 15. Nxe6 Qd7 16. Nxg7+ Kd8 17. Re6 Rg8 18. Qxh7 Rxg7 19. Qxg7 Qxe6 20.
Qf8+ Kd7 21. Qxa8 Qe1# 0-1

[Event "Barber/Rockefeller Qualifier"]
[Site "Chess.com"]
[Date "2020.04.11"]
[Round "?"]
[White "Moghe, Arjun"]
[Black "Zuo, Edward"]
[Result "1-0"]
[WhiteElo "913"]
[BlackElo "1229"]
[PlyCount "109"]
[EventDate "2020.??.??"]

1. d4 e5 2. e3 exd4 3. exd4 d5 4. Nf3 Bf5 5. Bd3 Bxd3 6. Qxd3 Nf6 7. O-O Bd6 8.
Re1+ Kf8 9. Nc3 Nc6 10. Be3 Nb4 11. Qd2 Qd7 12. a3 Nc6 13. Bf4 Bxf4 14. Qxf4
Re8 15. Nb5 Rc8 16. h3 a6 17. Nc3 Re8 18. Rxe8+ Kxe8 19. Re1+ Kf8 20. Ne5 Nxe5
21. dxe5 Qe6 22. Re2 Nd7 23. Rd2 c6 24. Ne2 Nxe5 25. Ng3 Nc4 26. Qb8+ Qe8 27.
Qxe8+ Kxe8 28. Rd1 Nxb2 29. Rb1 Nc4 30. Rxb7 Nxa3 31. Rb8+ Ke7 32. Rxh8 Nxc2
33. Rxh7 a5 34. Rh4 c5 35. Ra4 d4 36. Rxa5 d3 37. Rxc5 d2 38. Rd5 Ne3 39. fxe3
d1=R+ 40. Rxd1 Ke6 41. Rf1 Ke7 42. Nf5+ Kf6 43. Nh6+ Kg6 44. Nxf7 Kh7 45. Ng5+
Kg8 46. e4 g6 47. e5 Kg7 48. e6 Kg8 49. e7 Kg7 50. Rf7+ Kh6 51. e8=Q Kxg5 52.
Qe5+ Kh6 53. Qf4+ g5 54. Qf6+ Kh5 55. Rh7# 1-0

[Event "Barber/Rockefeller Qualifier"]
[Site "Chess.com"]
[Date "2020.04.11"]
[Round "?"]
[White "Zuo, Edward"]
[Black "Stein, Benjamin"]
[Result "1-0"]
[WhiteElo "1229"]
[BlackElo "983"]
[PlyCount "25"]
[EventDate "2020.??.??"]

1. e4 e5 2. Nf3 Nc6 3. Bc4 Nf6 4. Ng5 d5 5. exd5 Na5 6. Bd3 Nxd5 7. Nf3 Qe7 8.
O-O e4 9. Re1 Nf6 10. Nc3 Qb4 11. Nxe4 Qb6 12. Nxf6+ Kd8 13. Re8# 1-0

[Event "Barber/Rockefeller Qualifier"]
[Site "Chess.com"]
[Date "2020.04.11"]
[Round "?"]
[White "Shanmugam, Varsha"]
[Black "Alagumalai, Gautham"]
[Result "0-1"]
[WhiteElo "939"]
[BlackElo "1206"]
[PlyCount "70"]
[EventDate "2020.??.??"]

1. e4 e5 2. Nf3 Nc6 3. Bc4 Bc5 4. O-O Nf6 5. Nc3 O-O 6. d3 Be7 7. Be3 d6 8. h3
Be6 9. Bxe6 fxe6 10. Qd2 d5 11. Nd1 dxe4 12. Nh2 exd3 13. cxd3 Qd7 14. f4 exf4
15. Rxf4 Bb4 16. Rxb4 Nxb4 17. Qxb4 Qxd3 18. Qe1 Ne4 19. Rc1 c6 20. Nf3 Rf7 21.
Nc3 Nxc3 22. Rxc3 Qd7 23. Ne5 Qe7 24. Bc5 Qf6 25. Rc1 Rc7 26. Bd6 Rcc8 27. Rc3
Rd8 28. Rf3 Qg5 29. h4 Qh5 30. Be7 Re8 31. g4 Qh6 32. g5 Qh5 33. Qg3 Rxe7 34.
Rf4 Qd1+ 35. Rf1 Qd4+ 0-1

[Event "Barber/Rockefeller Qualifier"]
[Site "Chess.com"]
[Date "2020.04.11"]
[Round "?"]
[White "Alagumalai, Gautham"]
[Black "Stein, Benjamin"]
[Result "1-0"]
[WhiteElo "1206"]
[BlackElo "983"]
[PlyCount "107"]
[EventDate "2020.??.??"]

1. e4 e5 2. Nf3 Nc6 3. Nc3 Nf6 4. Bc4 Bc5 5. O-O O-O 6. d3 d6 7. Bg5 h6 8. Bxf6
Qxf6 9. h3 Qg6 10. Kh2 Nd4 11. Nxd4 exd4 12. Nd5 c6 13. Ne7+ Kh7 14. Nxg6 fxg6
15. c3 dxc3 16. bxc3 a5 17. d4 Bb6 18. Rb1 Bc7 19. f3 a4 20. Kg1 b5 21. Be2 Ba5
22. Qd3 Be6 23. d5 cxd5 24. exd5 Bf5 25. Qxb5 Bxb1 26. Rxb1 Bxc3 27. Rc1 Bd4+
28. Kf1 Rfb8 29. Qc4 Rc8 30. Qxd4 Rxc1+ 31. Bd1 Rac8 32. Ke2 R8c4 33. Qd2 R1c3
34. Bxa4 Ra3 35. Bb3 Rc5 36. Qb4 Raa5 37. a4 Ra8 38. a5 Rcxa5 39. Qxd6 Ra3 40.
Bc2 Ra2 41. Qxg6+ Kg8 42. Qe6+ Kf8 43. Kd3 R8a3+ 44. Kd2 Ra4 45. Qc8+ Ke7 46.
Qc7+ Kf8 47. d6 Rd4+ 48. Kc3 Rd5 49. Qe7+ Kg8 50. Qe6+ Kf8 51. Qxd5 Ra3+ 52.
Kb4 Ra7 53. d7 Rxd7 54. Qxd7 1-0

[Event "Barber/Rockefeller Qualifier"]
[Site "Chess.com"]
[Date "2020.04.11"]
[Round "?"]
[White "Ivanovic, Mina"]
[Black "Alagumalai, Gautham"]
[Result "1-0"]
[WhiteElo "1039"]
[BlackElo "1206"]
[PlyCount "79"]
[EventDate "2020.??.??"]

1. c4 e5 2. Nc3 Nf6 3. g3 d6 4. Bg2 Nc6 5. d3 Be6 6. Nf3 Qd7 7. O-O Bh3 8. a3
O-O-O 9. b4 Bxg2 10. Kxg2 Qf5 11. e4 Qh5 12. b5 Ne7 13. a4 c6 14. bxc6 Nxc6 15.
Rb1 Nd4 16. Nxd4 exd4 17. Qxh5 Nxh5 18. Ne2 Nf6 19. Nxd4 g6 20. Bb2 Bg7 21. Bc3
Rhg8 22. Ba5 b6 23. Bc3 Kb7 24. Nf3 Ng4 25. Bxg7 Rxg7 26. a5 Ne5 27. Nxe5 dxe5
28. axb6 axb6 29. c5 Rxd3 30. Rxb6+ Kc7 31. Rc1 Rd4 32. Ra6 Rxe4 33. c6 Rd4 34.
Ra7+ Kb8 35. Rb7+ Kc8 36. c7 f5 37. Rb8+ Kd7 38. c8=Q+ Ke7 39. Rc6 e4 40. Qe8#
1-0

[Event "Barber/Rockefeller Qualifier"]
[Site "Chess.com"]
[Date "2020.04.11"]
[Round "?"]
[White "Alagumalai, Gautham"]
[Black "Stein, Samuel"]
[Result "0-1"]
[WhiteElo "1206"]
[BlackElo "968"]
[PlyCount "94"]
[EventDate "2020.??.??"]

1. e4 e6 2. Nf3 d5 3. exd5 exd5 4. Qe2+ Qe7 5. Qxe7+ Bxe7 6. d4 Nf6 7. Bf4 Bd6
8. Bxd6 cxd6 9. Bd3 Nc6 10. Nc3 O-O 11. O-O Bg4 12. Be2 Bxf3 13. Bxf3 Nxd4 14.
Bxd5 Nxd5 15. Nxd5 Nxc2 16. Rfc1 Nxa1 17. Rxa1 Rac8 18. Ne7+ Kh8 19. Nxc8 Rxc8
20. f3 d5 21. Kf2 g6 22. Ke3 Rc2 23. Re1 Rxb2 24. Ra1 Rxg2 25. Kd4 Rxh2 26.
Kxd5 Rh3 27. f4 Rf3 28. Ke4 Rf2 29. f5 Rxf5 30. a4 b5 31. axb5 Rxb5 32. Kd4 Rb8
33. Rxa7 Kg7 34. Ke5 Rf8 35. Kf4 Kh6 36. Ra5 f5 37. Kg3 g5 38. Kg2 g4 39. Kg3
f4+ 40. Kxg4 f3 41. Ra6+ Kg7 42. Ra7+ Kg8 43. Ra5 f2 44. Rg5+ Kh8 45. Kg3 f1=Q
46. Kh4 Rf4+ 47. Kh5 Qh3# 0-1

[Event "Barber/Rockefeller Qualifier"]
[Site "Chess.com"]
[Date "2020.04.11"]
[Round "?"]
[White "Bansal, Aarini"]
[Black "Moghe, Arjun"]
[Result "0-1"]
[WhiteElo "1122"]
[BlackElo "913"]
[PlyCount "104"]
[EventDate "2020.??.??"]

1. e4 d5 2. exd5 Qxd5 3. Nc3 Qd8 4. Nf3 Nf6 5. Bc4 e6 6. O-O Bd6 7. d4 O-O 8.
Be3 e5 9. dxe5 Be7 10. Qxd8 Rxd8 11. exf6 Bxf6 12. Rae1 Bf5 13. Bd4 Nd7 14.
Bxf6 Nxf6 15. Re7 Rd7 16. Rxd7 Bxd7 17. Rd1 Bf5 18. Bb3 h6 19. Ne5 Be6 20. Bxe6
fxe6 21. Nd7 Ne8 22. Ne5 Nf6 23. f3 g5 24. Ne4 Nxe4 25. fxe4 Rf8 26. Nd7 Rc8
27. Nf6+ Kf7 28. e5 Kg6 29. g4 c6 30. Rd6 Kf7 31. Rd7+ Kg6 32. Rxb7 Rd8 33. Rd7
Rb8 34. Rxa7 Rxb2 35. c4 Rb4 36. c5 Rb5 37. Kf2 Rxc5 38. Ke3 Rxe5+ 39. Ne4 c5
40. Kd3 Rd5+ 41. Kc4 Rd4+ 42. Kxc5 Rxe4 43. Kd6 Rxg4 44. Kxe6 Re4+ 45. Kd5 Rf4
46. a4 Rf5+ 47. Ke4 Rf4+ 48. Ke5 Rf5+ 49. Kd6 Rf6+ 50. Ke7 Rf7+ 51. Kd6 Rxa7
52. Kc5 Rxa4 0-1

[Event "Barber/Rockefeller Qualifier"]
[Site "Chess.com"]
[Date "2020.04.11"]
[Round "?"]
[White "Iarovich, Shachar"]
[Black "Bansal, Aarini"]
[Result "1-0"]
[WhiteElo "886"]
[BlackElo "1122"]
[PlyCount "95"]
[EventDate "2020.??.??"]

1. e4 c5 2. Nf3 Nc6 3. Bc4 e6 4. O-O d5 5. exd5 exd5 6. Bb5 Nf6 7. Qe2+ Be7 8.
d3 O-O 9. Bf4 Bf5 10. Nc3 Qb6 11. Bxc6 Qxc6 12. Qxe7 Rae8 13. Qd6 Qb6 14. Qxb6
axb6 15. Rae1 Rc8 16. Bg5 d4 17. Bxf6 gxf6 18. Nd5 Rcd8 19. Nxf6+ Kg7 20. Nh5+
Kg6 21. Re5 f6 22. Nxf6 Kxf6 23. Re2 Rde8 24. Rxe8 Rxe8 25. Re1 Rxe1+ 26. Nxe1
Bg4 27. f3 Be6 28. g4 Bxa2 29. Ng2 Bb1 30. Ne1 Kg5 31. h4+ Kxh4 32. Ng2+ Kg3
33. f4 Kxg4 34. Kf2 Bxc2 35. Ke2 Kg3 36. f5 Kxg2 37. f6 Ba4 38. f7 Bd7 39. f8=Q
Bg4+ 40. Kd2 Bf3 41. Qg7+ Kf2 42. Qxh7 Kf1 43. Qf5 Kf2 44. Qf4 Kg2 45. Ke1 b5
46. Qg5+ Kh2 47. Kf1 Kh1 48. Qg1# 1-0

[Event "Barber/Rockefeller Qualifier"]
[Site "Chess.com"]
[Date "2020.04.11"]
[Round "?"]
[White "Bansal, Aarini"]
[Black "Barenkala, Surya"]
[Result "1-0"]
[WhiteElo "1122"]
[BlackElo "453"]
[PlyCount "35"]
[EventDate "2020.??.??"]

1. e4 e5 2. Nf3 Nc6 3. d4 exd4 4. Nxd4 Nf6 5. Bc4 Nxe4 6. O-O Bc5 7. c3 Bxd4 8.
cxd4 Na5 9. Bb3 Nxb3 10. axb3 Nf6 11. Re1+ Kf8 12. Nc3 Nh5 13. Qxh5 h6 14. Qf3
d6 15. Bf4 Qf6 16. d5 Qg6 17. Qe3 Rh7 18. Qe8# 1-0

[Event "Barber/Rockefeller Qualifier"]
[Site "Chess.com"]
[Date "2020.04.11"]
[Round "?"]
[White "Bansal, Aarini"]
[Black "Tunuguntla, Sai Srithan"]
[Result "1-0"]
[WhiteElo "1122"]
[BlackElo "984"]
[PlyCount "81"]
[EventDate "2020.??.??"]

1. e4 e5 2. Nf3 Nc6 3. d4 exd4 4. Nxd4 Ne5 5. Bf4 Nc6 6. Bc4 Nxd4 7. Qxd4 Nf6
8. Bg5 c5 9. Qd1 h6 10. Bh4 g5 11. Bg3 Nxe4 12. O-O Be7 13. Re1 Nxg3 14. fxg3
O-O 15. Nc3 Re8 16. Qf3 Rf8 17. Qe4 Bf6 18. Bd3 Re8 19. Qh7+ Kf8 20. Rxe8+ Qxe8
21. Qf5 Qe3+ 22. Kh1 Bxc3 23. bxc3 d6 24. Qf1 Qd2 25. Bc4 f5 26. Qd3 Qf2 27.
Qd5 Ke8 28. Qxd6 b6 29. Qc6+ Kd8 30. Qxa8 Kc7 31. Qf3 Qxc2 32. Re1 Bb7 33. Qf1
Qxc3 34. Ba6 Bxa6 35. Qf2 Qd3 36. h3 h5 37. Re5 Qd1+ 38. Kh2 g4 39. Rxf5 gxh3
40. gxh3 Qd7 41. Rf7 1-0

[Event "Barber/Rockefeller Qualifier"]
[Site "Chess.com"]
[Date "2020.04.11"]
[Round "?"]
[White "Yuen, Otto"]
[Black "Lin, Michael"]
[Result "0-1"]
[WhiteElo "902"]
[BlackElo "1047"]
[PlyCount "80"]
[EventDate "2020.??.??"]

1. e4 e5 2. Nf3 Nc6 3. Nc3 Nf6 4. Bc4 Bc5 5. d3 d6 6. Bg5 Nd4 7. Nxd4 Bxd4 8.
Qd2 c6 9. O-O Be6 10. b3 Qa5 11. Bxe6 fxe6 12. Bxf6 gxf6 13. Qh6 Bxc3 14. Rac1
O-O-O 15. Qxf6 Rde8 16. Qf7 Qxa2 17. Qf3 d5 18. exd5 exd5 19. Qg4+ Kb8 20. Qd7
Qa3 21. h3 Re7 22. Qf5 e4 23. dxe4 dxe4 24. Qf4+ Be5 25. Qxe4 Bh2+ 26. Kxh2
Rxe4 27. f3 Ree8 28. Rfd1 Rd8 29. Re1 Rhe8 30. Rf1 Qd6+ 31. Kh1 Qg3 32. Rg1 Rd2
33. Rcd1 Rxc2 34. Rc1 Rce2 35. Rcf1 Rd8 36. Re1 Rxe1 37. Rxe1 Qxe1+ 38. Kh2
Qe5+ 39. Kg1 Rd1+ 40. Kf2 Qe1# 0-1

[Event "Barber/Rockefeller Qualifier"]
[Site "Chess.com"]
[Date "2020.04.11"]
[Round "?"]
[White "Lin, Michael"]
[Black "Moghe, Arjun"]
[Result "0-1"]
[WhiteElo "1047"]
[BlackElo "913"]
[PlyCount "96"]
[EventDate "2020.??.??"]

1. e4 e6 2. d4 d5 3. Nc3 dxe4 4. Nxe4 Be7 5. Nf3 Nf6 6. Ng3 O-O 7. Bc4 Nc6 8.
Bf4 Bd6 9. Qd2 Re8 10. O-O Bxf4 11. Qxf4 h6 12. Ne5 Ne7 13. Bd3 Ned5 14. Qf3
Nb4 15. Be4 c6 16. Nh5 Rf8 17. Nf4 Qxd4 18. Bd3 Qxe5 19. Rfe1 Qd6 20. Be4 Nxe4
21. Rxe4 e5 22. Nh5 Nxc2 23. Qg3 Qg6 24. Rc1 Qxg3 25. Nxg3 a5 26. Rxc2 Rd8 27.
Rxe5 Be6 28. b3 Rd1+ 29. Nf1 Rd5 30. Re3 Bf5 31. Rce2 Rdd8 32. Ng3 Bg6 33. f3
Bd3 34. Rd2 Bb5 35. Rc2 Bd3 36. Rc3 Bb5 37. Re7 Rd1+ 38. Kf2 Rd2+ 39. Ke1 Rxa2
40. Rxb7 Re8+ 41. Kd1 Rd8+ 42. Kc1 Re8 43. Kd1 Rd8+ 44. Ke1 Ra1+ 45. Kf2 Ra2+
46. Ke3 Re8+ 47. Kf4 g5+ 48. Kf5 Rxg2 0-1

[Event "Barber/Rockefeller Qualifier"]
[Site "Chess.com"]
[Date "2020.04.11"]
[Round "?"]
[White "Smith, Cole"]
[Black "Lin, Michael"]
[Result "0-1"]
[WhiteElo "837"]
[BlackElo "1047"]
[PlyCount "80"]
[EventDate "2020.??.??"]

1. d4 d5 2. Bf4 Nc6 3. Nf3 Bf5 4. e3 f6 5. Bd3 e6 6. Bxf5 exf5 7. Nh4 Bd6 8.
Nxf5 Nge7 9. Nxe7 Qxe7 10. Bxd6 Qxd6 11. c3 O-O 12. O-O Rae8 13. Nd2 f5 14. Nf3
f4 15. exf4 Qxf4 16. Re1 Rxe1+ 17. Qxe1 Qe4 18. Qd2 Qf4 19. Qxf4 Rxf4 20. Re1
Kf7 21. Ng5+ Kg6 22. Ne6 Rf7 23. Nc5 b6 24. Re6+ Kf5 25. Rxc6 bxc5 26. dxc5 h5
27. Ra6 g5 28. b4 g4 29. Rh6 Kg5 30. Ra6 h4 31. Rxa7 Re7 32. g3 h3 33. f3 gxf3
34. Kf2 Kg4 35. c6 Re2+ 36. Kf1 Rxh2 37. b5 Rf2+ 38. Ke1 Re2+ 39. Kd1 h2 40. b6
h1=Q# 0-1

[Event "Barber/Rockefeller Qualifier"]
[Site "Chess.com"]
[Date "2020.04.11"]
[Round "?"]
[White "Lin, Michael"]
[Black "Chaurasia, Vihaan"]
[Result "1-0"]
[WhiteElo "1047"]
[BlackElo "940"]
[PlyCount "37"]
[EventDate "2020.??.??"]

1. e4 e5 2. Nf3 Nc6 3. Bc4 Nf6 4. Ng5 d5 5. exd5 Nxd5 6. Nxf7 Kxf7 7. Qf3+ Ke8
8. Bxd5 Qe7 9. Nc3 Nd4 10. Qg3 Nxc2+ 11. Kd1 Nxa1 12. d3 Qd6 13. Qf3 Qe7 14.
Re1 Qd6 15. Bf4 Be7 16. Bxe5 Qb6 17. Qf7+ Kd8 18. Bxg7 Qxb2 19. Qxe7# 1-0